<?xml version="1.0" encoding="UTF-8"?>
<record
    xmlns:xsi="http://www.w3.org/2001/XMLSchema-instance"
    xsi:schemaLocation="http://www.loc.gov/MARC21/slim http://www.loc.gov/standards/marcxml/schema/MARC21slim.xsd"
    xmlns="http://www.loc.gov/MARC21/slim">

  <leader>00839nam a22002537a 4500</leader>
  <controlfield tag="005">20170123162357.0</controlfield>
  <datafield tag="010" ind1=" " ind2=" ">
    <subfield code="a">B-100344</subfield>
  </datafield>
  <datafield tag="020" ind1=" " ind2=" ">
    <subfield code="c">250.00</subfield>
  </datafield>
  <datafield tag="035" ind1=" " ind2=" ">
    <subfield code="a">B-100344</subfield>
  </datafield>
  <datafield tag="037" ind1=" " ind2=" ">
    <subfield code="b">Cen Lib/Ret</subfield>
  </datafield>
  <datafield tag="040" ind1=" " ind2=" ">
    <subfield code="a">DPL</subfield>
    <subfield code="b">UR</subfield>
  </datafield>
  <datafield tag="082" ind1=" " ind2=" ">
    <subfield code="a">&#x6A9;</subfield>
    <subfield code="2">&#x62A; &#x631; &#x646; </subfield>
  </datafield>
  <datafield tag="100" ind1=" " ind2=" ">
    <subfield code="a">&#x62A;&#x631; &#x646;&#x651;&#x645; &#x631;&#x64A;&#x627;&#x636; </subfield>
    <subfield code="9">143464</subfield>
  </datafield>
  <datafield tag="245" ind1=" " ind2=" ">
    <subfield code="a"> &#x64A;&#x645;&#x628;&#x648;&#x630;</subfield>
    <subfield code="b">&#x627;&#x641;&#x633;&#x627; &#x646;&#x6D2;</subfield>
    <subfield code="c">&#x62A;&#x631; &#x646;&#x651;&#x645; &#x631;&#x64A;&#x627;&#x636; </subfield>
  </datafield>
  <datafield tag="246" ind1=" " ind2=" ">
    <subfield code="a"> Yimbirzal/ </subfield>
    <subfield code="b">by Tarannum Riyaz</subfield>
  </datafield>
  <datafield tag="260" ind1=" " ind2=" ">
    <subfield code="a">&#x646;&#x6CC;&#x6CC; &#x62F;&#x6C1;&#x644;&#x6CC;</subfield>
    <subfield code="b">Nirali Duniya Publications</subfield>
    <subfield code="c">2004</subfield>
  </datafield>
  <datafield tag="270" ind1=" " ind2=" ">
    <subfield code="a">358-A, Bazar Delhi gate, Darya ganj </subfield>
    <subfield code="b">  &#x646;&#x6CC;&#x6CC; &#x62F;&#x6C1;&#x644;&#x6CC;</subfield>
    <subfield code="e">110002</subfield>
  </datafield>
  <datafield tag="300" ind1=" " ind2=" ">
    <subfield code="a">185&#x635;</subfield>
    <subfield code="c">20cm(Hb)</subfield>
  </datafield>
  <datafield tag="650" ind1=" " ind2=" ">
    <subfield code="a"> &#x627;&#x631;&#x62F;&#x648; &#x627;&#x62F;&#x628;</subfield>
    <subfield code="v"> </subfield>
    <subfield code="9">143465</subfield>
  </datafield>
  <datafield tag="650" ind1=" " ind2=" ">
    <subfield code="a">&#x627;&#x631;&#x62F;&#x648; -- &#x631;&#x648;&#x645;&#x627;&#x646;&#x648;&#x6CC; &#x632;&#x628;&#x627;&#x646;&#x648;&#x6BA; &#x6A9;&#x6D2; &#x627;&#x62F;&#x628;</subfield>
    <subfield code="9">135016</subfield>
  </datafield>
  <datafield tag="650" ind1=" " ind2=" ">
    <subfield code="a">Urdu literature</subfield>
    <subfield code="9">143466</subfield>
  </datafield>
  <datafield tag="650" ind1=" " ind2=" ">
    <subfield code="a">Literatures of Romance languages</subfield>
    <subfield code="9">135018</subfield>
  </datafield>
  <datafield tag="942" ind1=" " ind2=" ">
    <subfield code="2">ddc</subfield>
    <subfield code="c">UR</subfield>
    <subfield code="h">&#x6A9;</subfield>
    <subfield code="m">&#x62A; &#x631; &#x646; </subfield>
  </datafield>
  <datafield tag="999" ind1=" " ind2=" ">
    <subfield code="c">109609</subfield>
    <subfield code="d">109609</subfield>
  </datafield>
  <datafield tag="952" ind1=" " ind2=" ">
    <subfield code="0">1</subfield>
    <subfield code="1">0</subfield>
    <subfield code="4">0</subfield>
    <subfield code="7">0</subfield>
    <subfield code="a">L</subfield>
    <subfield code="b">L</subfield>
    <subfield code="d">2016-04-12</subfield>
    <subfield code="e">250.00</subfield>
    <subfield code="l">0</subfield>
    <subfield code="o">&#x6A9; &#x62A; &#x631; &#x646; </subfield>
    <subfield code="p">B-100344</subfield>
    <subfield code="r">2016-04-12 00:00:00</subfield>
    <subfield code="w">2016-04-12</subfield>
    <subfield code="y">UR</subfield>
  </datafield>
</record>
